LDR 00544naa#a2200157#i#450# 001 EN\\bibl\118366 005 20260501091736.5 011 ## _a2312-7937 100 ## _a20260401b2026####ek#y0engy0150####ca 102 ## _aRU 200 1# _aTo the anniversary of Alexander Borisovich Zelentsov _eJournal article 210 1# _aDomodedovo _cAll-Russian Advanced Training Institute of the Ministry of the Interior of the Russian Federation _d2026 215 ## _a2 с. 608 ## _aJournal article _2local 700 #1 _aKostennikov _gMihail Valer'evich 856 4# _avipkmvd.editorum.ru _u